| 000 | 00389nam a22001577a 4500 | ||
|---|---|---|---|
| 003 | NUST | ||
| 020 | _a 9789380501178 | ||
| 038 | _aKhadija | ||
| 082 |
_a629.13236 _bRUS |
||
| 100 |
_aRussell, J. B. _983798 |
||
| 245 |
_aPerformance & Stability of Aircraft / _cJ B Russell |
||
| 260 |
_aNew Delhi : _bElsevier, _c2010. |
||
| 300 |
_a294 p. ; _b24 cm. |
||
| 563 | _aPB | ||
| 942 |
_cBK _2ddc |
||
| 999 |
_c33955 _d33955 |
||